000 00265nam a22001097a 4500
082 _a330 MCC'B
100 _aMCCONNELL, JOHN W
_960445
245 _aBASIC TEACHING OF THE GREAT ECONOMISTS
260 _aNEWYORK
_bBARNES & NOBLE
_c1956
300 _a367P
942 _cBK
999 _c570160
_d570160